Enseñar y aprender lenguas extranjeras (Record no. 195433)
[ view plain ]
| 000 -LEADER | |
|---|---|
| campo de control de longitud fija | 01255nmm a2200313 i 4500 |
| 001 - NÚMERO DE CONTROL | |
| campo de control | 195433 |
| 003 - IDENTIFICADOR DE NÚMERO DE CONTROL | |
| campo de control | RBPG |
| 005 - FECHA Y HORA DE LA ÚLTIMA TRANSACCIÓN | |
| campo de control | 20240614063022.0 |
| 007 - CAMPO FIJO DE DESCRIPCIÓN FÍSICA--INFORMACIÓN GENERAL | |
| campo de control de longitud fija | co ng a u |
| 008 - DATOS DE LONGITUD FIJA--INFORMACIÓN GENERAL | |
| campo de control de longitud fija | 240612s2009 sp spa d |
| 040 ## - FUENTE DE CATALOGACIÓN | |
| Centro catalogador/agencia de origen | BPO |
| Lengua de catalogación | glg |
| Centro/agencia transcriptor | ES-MaACL |
| 080 ## - NÚMERO DE LA CLASIFICACIÓN DECIMAL UNIVERSAL | |
| Número de la Clasificación Decimal Universal | 372.881(086) |
| Identificador de la edición | [2000] |
| 245 00 - MENCIÓN DEL TÍTULO | |
| Título | Enseñar y aprender lenguas extranjeras |
| Medio | [Recurso electrónico] / |
| Mención de responsabilidad, etc. | Rosa Aliaga. |
| 260 ## - PUBLICACIÓN, DISTRIBUCIÓN, ETC. | |
| Lugar de publicación, distribución, etc. | [Barcelona] : |
| Nombre del editor, distribuidor, etc. | Wolters Kluwer España, |
| Fecha de publicación, distribución, etc. | [2009] |
| 300 ## - DESCRIPCIÓN FÍSICA | |
| Extensión | 1 disco compacto (CD-ROM) ; |
| Otras características físicas | son. col. ; |
| Dimensiones | 12 cm. |
| 336 ## - TIPO DE CONTENIDO | |
| Fuente | rdacontent |
| Término de tipo de contenido | texto |
| 337 ## - TIPO DE MEDIO | |
| Fuente | rdamedia |
| Nombre/término del tipo de medio | sin mediación |
| 338 ## - TIPO DE SOPORTE | |
| Fuente | rdacarrier |
| Nombre/término del tipo de soporte | volumen |
| 490 1# - MENCIÓN DE SERIE | |
| Mención de serie | Cuadernos de pedagogia |
| 500 ## - NOTA GENERAL | |
| Nota general | Distribuido con la revista Cuadernos de Pedagogía. |
| 538 ## - NOTA DE DETALLES DEL SISTEMA | |
| Nota de detalles del sistema | Requisitos recomendados: Windows 9x/NT; Internet Explorer 5.5 ou superior; Procesador Pentium; Memoria RAM 64 Mb; resolución e configuración de pantalla 1024x/768 a cor i |
| 650 #4 - PUNTO DE ACCESO ADICIONAL DE MATERIA--TÉRMINO DE MATERIA | |
| Término de materia o nombre geográfico como elemento de entrada | Lenguas modernas- |
| Subdivisión general | Didáctica |
| 9 (RLIN) | 14363 |
| 700 1# - ENTRADA AGREGADA--NOMBRE PERSONAL | |
| Nombre de persona | Aliaga, Rosa. |
| 9 (RLIN) | 236954 |
| 830 ## - PUNTO DE ACCESO ADICIONAL DE SERIE-TÍTULO UNIFORME | |
| 9 (RLIN) | 183997 |
| Título uniforme | Cuadernos de pedagogía (CD-ROM) |
| 852 ## - LOCALIZACIÓN | |
| Ubicación | ES-MaACL |
| Ubicación en estantería | Rotativo |
| Número de control de estantería | ROT 6/3/8 |
| itemnumber | 203456 |
| 942 ## - ELEMENTOS DE ENTRADA SECUNDARIOS (KOHA) | |
| Suprimir en OPAC | No |
| Préstamos Koha (prestado), todas las copias | 0 |
| Fuente del sistema de clasificación o colocación | Clasificación decimal universal |
| Tipo de ítem Koha | Archivo de ordenador en CD-ROM, CD o disquete |
| Estatus retirado | Estado de pérdida | Fuente del sistema de clasificación o colocación | Estado de daño | No para préstamo | Biblioteca de origen | Biblioteca actual | Ubicación en estantería | Fecha de adquisición | Total de préstamos | Signatura topográfica completa | Código de barras | Visto por última vez | Precio de reemplazo | Tipo de ítem Koha |
|---|---|---|---|---|---|---|---|---|---|---|---|---|---|---|
| Clasificación decimal universal | Biblioteca del Ateneo de Madrid | Biblioteca del Ateneo de Madrid | Rotativo | 12/06/2024 | ROT 6/3/8 | 101228406 | 12/06/2024 | 12/06/2024 | Archivo de ordenador en CD-ROM, CD o disquete |
